| 000 | 01973nam a2200421 i 4500 | ||
|---|---|---|---|
| 001 | ebr10803688 | ||
| 003 | CaPaEBR | ||
| 006 | m o d | ||
| 007 | cr cn||||||||| | ||
| 008 | 131021t20132013sz a ob 101 0 eng d | ||
| 020 | _a9783038262503 (e-book) | ||
| 020 | _z9783037858691 | ||
| 040 |
_aCaPaEBR _beng _erda _epn _cCaPaEBR |
||
| 035 | _a(OCoLC)899045613 | ||
| 050 | 1 | 4 |
_aTA401.3 _b.I58 2013eb |
| 111 | 2 |
_aInternational Conference on Recent Trends in Materials and Mechanical Engineering _n(2nd : _d2013 : _cSingapore) |
|
| 245 | 1 | 0 |
_aRecent trends in materials and mechanical engineering II : _bselected, peer reviewed papers from the 2013 2nd International Conference on Recent Trends in Materials and Mechanical Engineering (ICRTMME 2013), September 21-23, 2013, Singapore / _cedited by Qi Luo and Wei Deng. |
| 264 | 1 |
_aDurnten-Zurich : _bTrans Tech Publications, _c[2013] |
|
| 264 | 4 | _c�2013 | |
| 300 |
_a1 online resource (421 pages) : _billustrations. |
||
| 336 |
_atext _2rdacontent |
||
| 337 |
_acomputer _2rdamedia |
||
| 338 |
_aonline resource _2rdacarrier |
||
| 490 | 1 |
_aApplied mechanics and materials ; _v420 |
|
| 504 | _aIncludes bibliographical references and index. | ||
| 588 | _aDescription based on online resource; title from PDF title page (ebrary, viewed December 9, 2013). | ||
| 590 | _aElectronic reproduction. Palo Alto, Calif. : ebrary, 2013. Available via World Wide Web. Access may be limited to ebrary affiliated libraries. | ||
| 650 | 0 |
_aMaterials _vCongresses. |
|
| 650 | 0 |
_aMechatronics _vCongresses. |
|
| 650 | 0 |
_aAutomation _vCongresses. |
|
| 650 | 0 |
_aMechanical engineering _vCongresses. |
|
| 655 | 0 | _aElectronic books. | |
| 700 | 1 | _aQi, Luo. | |
| 700 | 1 |
_aDeng, Wei _c(Computer engineer) |
|
| 797 | 2 | _aebrary. | |
| 830 | 0 |
_aApplied mechanics and materials ; _vv. 420. |
|
| 856 | 4 | 0 |
_uhttp://site.ebrary.com/lib/rucke/Doc?id=10803688 _zAn electronic book accessible through the World Wide Web; click to view |
| 999 |
_c143962 _d143962 |
||